[Event "Florianopolis op 5th"]
[Site "Florianopolis"]
[Date "2019.01.21"]
[Round "1"]
[White "Borba da Rosa, Rodrigo"]
[Black "Furmam, Fernando Gustavo"]
[Result "0-1"]
[WhiteElo "1249"]
[BlackElo "1910"]
[PlyCount "80"]
[EventDate "2019.01.21"]
[EventType "swiss"]
[EventRounds "10"]
[EventCountry "BRA"]
[SourceTitle "CBM 188 Extra"]
[Source "ChessBase"]
[SourceDate "2019.02.26"]
[SourceVersion "1"]
[SourceVersionDate "2019.02.26"]
[SourceQuality "1"]

1. e4 c5 2. Nf3 e6 3. d4 cxd4 4. Nxd4 a6 5. Nc3 Nc6 6. Be3 Nf6 7. Be2 Bb4 8. f3 Qa5 9. Qd2 d5 10. Nb3 Qc7 11. a3 Bxc3 12. Qxc3 dxe4 13. 0-0-0 0-0 14. Nd2 Nd5 15. Qc4 Nxe3 16. Qxe4 Nxd1 17. Rxd1 Qe5 18. Qxe5 Nxe5 19. Ne4 Bd7 20. Nd6 Bc6 21. c4 Rfd8 22. c5 Ng6 23. g3 Ne7 24. b4 Nf5 25. Kb2 Nxd6 26. cxd6 Rd7 27. Kb3 Bd5+ 28. Ka4 Rxd6 29. Rc1 Bc6+ 30. Kb3 Rad8 31. f4 Rd2 32. Bc4 Bd5 33. Bxd5 R2xd5 34. Rc7 R5d7 35. Rc2 b5 36. Rc6 Rd6 37. Rc7 g6 38. Ra7 Rd3+ 39. Kb2 Rd2+ 40. Kc1 R8d6 0-1

[Event "Sao Bento do Sul U2050 Etapa 3a"]
[Site "Sao Bento do Sul"]
[Date "2017.11.18"]
[Round "4.1"]
[White "De Oliveira, Gustavo Alfredo Bue"]
[Black "Furmam, Fernando Gustavo"]
[Result "1/2-1/2"]
[WhiteElo "1924"]
[BlackElo "1819"]
[PlyCount "53"]
[EventDate "2017.11.17"]
[EventType "swiss"]
[EventRounds "6"]
[EventCountry "BRA"]
[SourceTitle "EXT 2022"]
[Source "ChessBase"]
[SourceDate "2021.10.06"]
[SourceVersion "1"]
[SourceVersionDate "2021.10.06"]
[SourceQuality "1"]

1. d4 d5 2. c4 e6 3. cxd5 exd5 4. Nc3 Nf6 5. Bg5 Be7 6. Qc2 c6 7. e3 0-0 8. Bd3 h6 9. Bxf6 Bxf6 10. Nge2 Re8 11. 0-0 Nd7 12. b4 a6 13. a4 Nf8 14. b5 axb5 15. axb5 Bg4 16. Ra4 Rxa4 17. Nxa4 Qd6 18. Nc5 Bc8 19. Nc3 b6 20. N5a4 c5 21. dxc5 bxc5 22. Rd1 Be6 23. Be2 Qe5 24. b6 d4 25. exd4 cxd4 26. Ne4 Bf5 27. f3 1/2-1/2

[Event "Sao Bento do Sul U2050 Etapa 3a"]
[Site "Sao Bento do Sul"]
[Date "2017.11.18"]
[Round "2.5"]
[White "Furmam, Fernando Gustavo"]
[Black "Kim, Thiago"]
[Result "1-0"]
[WhiteElo "1819"]
[BlackElo "1349"]
[PlyCount "181"]
[EventDate "2017.11.17"]
[EventType "swiss"]
[EventRounds "6"]
[EventCountry "BRA"]
[SourceTitle "EXT 2022"]
[Source "ChessBase"]
[SourceDate "2021.10.06"]
[SourceVersion "1"]
[SourceVersionDate "2021.10.06"]
[SourceQuality "1"]

1. d4 Nf6 2. c4 e6 3. Nf3 d5 4. Bg5 Be7 5. Nc3 0-0 6. e3 Nc6 7. a3 Re8 8. Bd3 h6 9. Bh4 dxc4 10. Bxc4 Nd5 11. Bxe7 Ncxe7 12. 0-0 Nxc3 13. bxc3 Nd5 14. Qd2 Bd7 15. e4 Nf6 16. Rfe1 Bc6 17. Qd3 Qd7 18. Ne5 Qe7 19. Nxc6 bxc6 20. f4 Red8 21. Bb3 c5 22. e5 Nd5 23. Bxd5 Rxd5 24. Qc4 cxd4 25. cxd4 Rad8 26. Re4 Qd7 27. Rd1 c5 28. Rd3 Rxd4 29. Rexd4 cxd4 30. Qc5 Qd5 31. Qxd5 Rxd5 32. Kf2 Kf8 33. Kf3 Ke7 34. Ke4 f5+ 35. exf6+ gxf6 36. g4 f5+ 37. gxf5 Rxf5 38. h3 Rd5 39. Rxd4 Ra5 40. a4 Rh5 41. Rd3 Ra5 42. Rd4 Kf6 43. Rc4 Rh5 44. Rc3 Ra5 45. Ra3 a6 46. Ra1 Rh5 47. Ra3 Ra5 48. Kf3 Rh5 49. Kg4 Ra5 50. Ra1 Kg6 51. Re1 Kf6 52. Re4 Rc5 53. Rb4 Ra5 54. Kf3 Rh5 55. Ke4 Ra5 56. Rc4 Kg6 57. Rc6 Kf7 58. Rc4 Kg6 59. Rd4 Kf6 60. Rb4 Kg6 61. Rb6 Kf6 62. Rb4 Kg6 63. Kf3 Kf5 64. Re4 Rc5 65. Re3 Rc4 66. Re5+ Kf6 67. Ra5 Rc6 68. Kg4 Rd6 69. Rh5 Kg6 70. Re5 Kf6 71. Ra5 Kg6 72. h4 Kf6 73. Rh5 Kg6 74. Re5 Kf6 75. h5 Rd5 76. Re4 Ra5 77. Rc4 Rd5 78. Rc8 Ra5 79. Rg8 Rxa4 80. Rg6+ Kf7 81. Rxh6 e5 82. Kf5 Kg7 83. Rg6+ Kf7 84. fxe5 Rh4 85. e6+ Kf8 86. h6 Rh1 87. Rf6+ Ke7 88. Rf7+ Ke8 89. h7 a5 90. Ra7 Rf1+ 91. Ke4 1-0

[Event "Penha IRT U2050 1st"]
[Site "Penha"]
[Date "2017.09.24"]
[Round "7.6"]
[White "Salvadego, Matheus Henrique De"]
[Black "Furmam, Fernando Gustavo"]
[Result "1/2-1/2"]
[WhiteElo "1537"]
[BlackElo "1859"]
[PlyCount "127"]
[EventDate "2017.09.22"]
[EventType "swiss"]
[EventRounds "7"]
[EventCountry "BRA"]
[SourceTitle "EXT 2022"]
[Source "ChessBase"]
[SourceDate "2021.10.06"]
[SourceVersion "1"]
[SourceVersionDate "2021.10.06"]
[SourceQuality "1"]

1. d4 d5 2. c4 e6 3. Nc3 Nf6 4. cxd5 exd5 5. Bg5 c6 6. e3 Be7 7. Bd3 0-0 8. Nge2 Nbd7 9. Qc2 h6 10. Bh4 Ne8 11. Bxe7 Qxe7 12. 0-0 Nd6 13. Ng3 Nf6 14. Rfe1 Nfe4 15. Ngxe4 Nxe4 16. Nxe4 dxe4 17. Bxe4 f5 18. Bd3 Qg5 19. Bf1 Kh8 20. Qc5 Bd7 21. Rad1 Be6 22. b3 Bd5 23. Qd6 Rae8 24. Qg3 Qf6 25. Bc4 Bxc4 26. bxc4 g5 27. Qf3 Re4 28. Rb1 g4 29. Qd1 f4 30. exf4 Rxd4 31. Qc1 Rxf4 32. Rxb7 Rxf2 33. Qa1 Qxa1 34. Rxa1 Rc2 35. Rxa7 Rff2 36. Rd1 Rxg2+ 37. Kf1 Rgf2+ 38. Kg1 Rfd2 39. Rxd2 Rxd2 40. Ra6 Kg7 41. a4 Ra2 42. Rxc6 Rxa4 43. Kf2 Ra3 44. Rc7+ Kf6 45. Rc6+ Kg5 46. Rd6 Rc3 47. Rd5+ Kh4 48. c5 Rc2+ 49. Kg1 h5 50. Re5 g3 51. hxg3+ Kxg3 52. Re3+ Kf4 53. Re1 Rxc5 54. Kh1 Rc2 55. Ra1 Rc3 56. Kh2 Rc4 57. Rb1 Kg4 58. Rb2 h4 59. Ra2 h3 60. Rb2 Kh4 61. Ra2 Rg4 62. Rb2 Rg2+ 63. Rxg2 hxg2 64. Kxg2 1/2-1/2

[Event "Sao Bento do Sul U2050 2nd"]
[Site "Sao Bento do Sul"]
[Date "2016.09.18"]
[Round "7.15"]
[White "Furmam, Fernando Gustavo"]
[Black "Couto, Mauricio Souza"]
[Result "0-1"]
[WhiteElo "1732"]
[BlackElo "1789"]
[PlyCount "72"]
[EventDate "2016.09.16"]
[EventType "swiss"]
[EventRounds "7"]
[EventCountry "BRA"]
[SourceTitle "EXT 2022"]
[Source "ChessBase"]
[SourceDate "2021.10.06"]
[SourceVersion "1"]
[SourceVersionDate "2021.10.06"]
[SourceQuality "1"]

1. d4 Nf6 2. e3 d6 3. Bd3 g6 4. f4 Bg7 5. Nf3 0-0 6. 0-0 c5 7. c3 e6 8. e4 cxd4 9. Nxd4 Qb6 10. Kh1 e5 11. fxe5 dxe5 12. Nf3 Ng4 13. Qe2 Rd8 14. Bc4 Be6 15. Bxe6 Qxe6 16. Ng5 Qa6 17. Qxa6 Nxa6 18. Nxf7 Rf8 19. h3 Rad8 20. hxg4 Rxf7 21. Rxf7 Rd1+ 22. Kh2 Kxf7 23. Nd2 Bh6 24. Nb3 Bxc1 25. Rxc1 Rxc1 26. Nxc1 Nc5 27. Nb3 Nxe4 28. Na5 Nd6 29. b3 Ke6 30. c4 Kd7 31. c5 b6 32. cxd6 bxa5 33. Kg3 Kxd6 34. Kf3 Kd5 35. Ke3 g5 36. g3 e4 0-1

[Event "Sao Bento do Sul U2050 2nd"]
[Site "Sao Bento do Sul"]
[Date "2016.09.17"]
[Round "5.12"]
[White "Boabaid, Jorge Alberto Duard"]
[Black "Furmam, Fernando Gustavo"]
[Result "1-0"]
[WhiteElo "1889"]
[BlackElo "1732"]
[PlyCount "81"]
[EventDate "2016.09.16"]
[EventType "swiss"]
[EventRounds "7"]
[EventCountry "BRA"]
[SourceTitle "EXT 2022"]
[Source "ChessBase"]
[SourceDate "2021.10.06"]
[SourceVersion "1"]
[SourceVersionDate "2021.10.06"]
[SourceQuality "1"]

1. e4 c5 2. Nf3 a6 3. d4 cxd4 4. Nxd4 Nf6 5. Nc3 e5 6. Nb3 Bb4 7. Bg5 Qc7 8. Qd3 Qb6 9. f3 0-0 10. 0-0-0 h6 11. Be3 Qc7 12. Na4 b5 13. Nb6 Bb7 14. Nxa8 Bxa8 15. a3 Be7 16. Kb1 d5 17. exd5 Bxd5 18. Qe2 Rc8 19. Qf2 e4 20. Bb6 Qc6 21. Na5 Qe6 22. Be2 Nbd7 23. Bd4 Bd8 24. Nb3 Bxb3 25. cxb3 Qxb3 26. Rc1 Rxc1+ 27. Rxc1 Be7 28. Bd1 Qe6 29. Qe3 Bd6 30. Bb3 Qf5 31. fxe4 Qxe4+ 32. Qxe4 Nxe4 33. Rc8+ Nf8 34. Bd5 Nf6 35. Bc6 Bxh2 36. Bc5 N6h7 37. Ra8 g6 38. Rxa6 Ne6 39. Be3 Bf4 40. Bxf4 Nxf4 41. Rb6 1-0

[Event "Catarinense-ch"]
[Site "Tres Barras"]
[Date "2016.06.25"]
[Round "4"]
[White "Furmam, Fernando Gustavo"]
[Black "Batista, Gerson Peres"]
[Result "1-0"]
[WhiteElo "1699"]
[BlackElo "2172"]
[PlyCount "117"]
[EventDate "2016.06.23"]
[EventType "swiss"]
[EventRounds "7"]
[EventCountry "BRA"]
[SourceTitle "EXT 2017"]
[Source "ChessBase"]
[SourceDate "2016.10.25"]
[SourceVersion "1"]
[SourceVersionDate "2016.10.25"]
[SourceQuality "1"]

1. d4 Nf6 2. c4 g6 3. Nc3 Bg7 4. e4 d6 5. f3 0-0 6. Be3 e5 7. d5 Nh5 8. g4 Nf4 9. Qd2 f5 10. gxf5 gxf5 11. Nge2 fxe4 12. fxe4 Qh4+ 13. Ng3 Bg4 14. Bf2 Bh6 15. Qc2 Nh3 16. Nf5 Qxf2+ 17. Qxf2 Nxf2 18. Nxh6+ Kg7 19. Nxg4 Nxh1 20. Bg2 Rf4 21. Ne3 Nf2 22. Ne2 Rf7 23. Nf5+ Rxf5 24. exf5 Ng4 25. h3 Nf6 26. Nc3 Nbd7 27. Nb5 Ne8 28. 0-0-0 a6 29. Nc3 Nef6 30. Rg1 Kf7 31. Bf3 Rg8 32. Rxg8 Kxg8 33. Kd2 Kg7 34. Ke3 Nb6 35. b3 Nc8 36. a3 Ne7 37. Be4 Nxe4 38. Kxe4 Kf6 39. b4 Nxf5 40. a4 Ng3+ 41. Kf3 Nh5 42. c5 Nf4 43. h4 Nd3 44. cxd6 cxd6 45. b5 Nc5 46. Kg4 Kg6 47. h5+ Kf6 48. a5 h6 49. b6 e4 50. Kf4 e3 51. Kxe3 Ke5 52. Kf3 Kd4 53. Ne2+ Kxd5 54. Kf4 Ne6+ 55. Kf5 Nf8 56. Kf6 Ke4 57. Ke7 Nh7 58. Kxd6 Kd3 59. Kc7 1-0

[Event "Sao Bento do Sul U2050 1st"]
[Site "Sao Bento do Sul"]
[Date "2016.05.21"]
[Round "5.12"]
[White "Furmam, Fernando Gustavo"]
[Black "Horst, Rodrigo"]
[Result "0-1"]
[WhiteElo "1687"]
[BlackElo "1870"]
[PlyCount "52"]
[EventDate "2016.05.20"]
[EventType "swiss"]
[EventRounds "7"]
[EventCountry "BRA"]
[SourceTitle "EXT 2022"]
[Source "ChessBase"]
[SourceDate "2021.10.06"]
[SourceVersion "1"]
[SourceVersionDate "2021.10.06"]
[SourceQuality "1"]

1. d4 e6 2. c4 d6 3. Nc3 Nd7 4. e4 b6 5. f4 g6 6. Nf3 Bb7 7. Be3 Bg7 8. Qd2 h6 9. 0-0-0 Ne7 10. g4 a6 11. h4 Nf6 12. d5 Nxg4 13. Bd4 e5 14. fxe5 Nxe5 15. Nxe5 dxe5 16. Be3 Nc8 17. Bh3 Nd6 18. b3 Kf8 19. Rdf1 Kg8 20. Qf2 Kh7 21. Rhg1 Bc8 22. Bxc8 Qxc8 23. Qg3 Qe8 24. h5 g5 25. Bxg5 hxg5 26. Qxg5 Bh6 0-1

[Event "Santa Catarina-ch sf1"]
[Site "Sao Bento do Sul"]
[Date "2016.03.06"]
[Round "5"]
[White "Furmam, Fernando Gustavo"]
[Black "De Borba, Gabriel"]
[Result "1/2-1/2"]
[WhiteElo "1659"]
[BlackElo "1869"]
[PlyCount "65"]
[EventDate "2016.03.04"]
[EventType "swiss"]
[EventRounds "6"]
[EventCountry "BRA"]
[SourceTitle "EXT 2018"]
[Source "ChessBase"]
[SourceDate "2017.10.13"]
[SourceVersion "1"]
[SourceVersionDate "2017.10.13"]
[SourceQuality "1"]

1. d4 d5 2. e3 Bf5 3. c4 e6 4. Qb3 dxc4 5. Qxb7 Nd7 6. Bxc4 Ngf6 7. Nc3 Rb8 8. Qxa7 Bb4 9. f3 0-0 10. Nge2 Nb6 11. Bb3 Qc8 12. Bc4 Ra8 13. Ba6 Rxa7 14. Bxc8 Rxc8 15. e4 Bg6 16. 0-0 Raa8 17. a3 Be7 18. b3 c5 19. Be3 Nfd7 20. dxc5 Bxc5 21. Bxc5 Nxc5 22. Rfb1 e5 23. a4 Nb7 24. b4 Ra6 25. a5 Nc4 26. Nd5 Kf8 27. Nec3 Nbd6 28. Na4 Rb8 29. Nab6 Ra7 30. b5 f6 31. Nxc4 Nxc4 32. a6 Nb6 33. Nb4 1/2-1/2

[Event "Tres Barras op"]
[Site "Tres Barras"]
[Date "2015.05.09"]
[Round "3"]
[White "Feller, Gabriela Luisa Vice"]
[Black "Furmam, Fernando Gustavo"]
[Result "0-1"]
[WhiteElo "1355"]
[BlackElo "1615"]
[PlyCount "84"]
[EventDate "2015.05.08"]
[EventType "swiss"]
[EventRounds "6"]
[EventCountry "BRA"]
[SourceTitle "EXT 2018"]
[Source "ChessBase"]
[SourceDate "2017.10.13"]
[SourceVersion "1"]
[SourceVersionDate "2017.10.13"]
[SourceQuality "1"]

1. d4 d5 2. c4 e6 3. Nc3 c6 4. Bf4 f5 5. Nf3 Nf6 6. e3 Bd6 7. Ne5 0-0 8. c5 Bc7 9. Bd3 Nbd7 10. 0-0 Ne4 11. Rc1 Ba5 12. Bxe4 fxe4 13. f3 exf3 14. Rxf3 Nxe5 15. Bxe5 Rxf3 16. Qxf3 Bd7 17. Qg4 Qe7 18. e4 b6 19. Ne2 bxc5 20. dxc5 Bd2 21. Rd1 Be3+ 22. Kh1 Bxc5 23. exd5 exd5 24. Qg3 Re8 25. Rc1 Qxe5 26. Qxe5 Rxe5 27. Rxc5 Rxe2 28. h3 Rxb2 29. Ra5 Rb7 30. Kg1 Kf7 31. Kf2 Ke6 32. Ke3 Kd6 33. Kd4 c5+ 34. Kd3 d4 35. g4 Bb5+ 36. Kd2 c4 37. h4 Kc5 38. Ra3 c3+ 39. Kc2 Kc4 40. g5 d3+ 41. Kc1 Rf7 42. Rb3 Rf1# 0-1

[Event "Santa Catarina State-ch sf1 61st"]
[Site "Sao Bento do Sul"]
[Date "2015.03.08"]
[Round "5"]
[White "Alboredo, Julia"]
[Black "Furmam, Fernando Gustavo"]
[Result "1-0"]
[WhiteElo "2018"]
[BlackElo "1621"]
[PlyCount "43"]
[EventDate "2015.03.06"]
[EventType "swiss"]
[EventRounds "6"]
[EventCountry "BRA"]
[SourceTitle "EXT 2016"]
[Source "ChessBase"]
[SourceDate "2015.10.08"]
[SourceVersion "1"]
[SourceVersionDate "2015.10.08"]
[SourceQuality "1"]

1. e4 c5 2. Nf3 Nc6 3. d4 cxd4 4. Nxd4 a6 5. Nc3 e5 6. Nb3 Bb4 7. Bd3 Nf6 8. Bg5 d5 9. Nd2 Bxc3 10. bxc3 Be6 11. 0-0 Qd7 12. Bxf6 gxf6 13. exd5 Bxd5 14. c4 Be6 15. Ne4 Ke7 16. Rb1 Rab8 17. Qc1 Bf5 18. Qa3+ Kd8 19. Nc5 Qc8 20. Bxf5 Qxf5 21. Nxb7+ Kc7 22. Qd6+ 1-0

[Event "Santa Catarina State-ch sf1 61st"]
[Site "Sao Bento do Sul"]
[Date "2015.03.06"]
[Round "1"]
[White "Furmam, Fernando Gustavo"]
[Black "Warginowski, Leticia"]
[Result "1-0"]
[WhiteElo "1621"]
[BlackElo "1613"]
[PlyCount "35"]
[EventDate "2015.03.06"]
[EventType "swiss"]
[EventRounds "6"]
[EventCountry "BRA"]
[SourceTitle "EXT 2016"]
[Source "ChessBase"]
[SourceDate "2015.10.08"]
[SourceVersion "1"]
[SourceVersionDate "2015.10.08"]
[SourceQuality "1"]

1. d4 d5 2. e3 Nc6 3. c4 e6 4. Nc3 Nf6 5. Nf3 Bb4 6. Bd2 Bxc3 7. Bxc3 b6 8. Qa4 Bd7 9. cxd5 Nxd5 10. Bb5 Nb8 11. Ne5 Nf6 12. Bb4 Bxb5 13. Qxb5+ Nfd7 14. Rc1 f6 15. Nc6 Nxc6 16. Qxc6 a5 17. Qxe6+ Qe7 18. Qxe7# 1-0

[Event "Santa Catarina State-ch sf2 60th"]
[Site "Sao Bento do Sul"]
[Date "2014.04.06"]
[Round "5"]
[White "Furmam, Fernando Gustavo"]
[Black "Rapouso, Ricardo Luis Borba"]
[Result "0-1"]
[WhiteElo "1640"]
[BlackElo "1914"]
[PlyCount "72"]
[EventDate "2014.04.04"]
[EventType "swiss"]
[EventRounds "6"]
[EventCountry "BRA"]
[SourceTitle "CBM 160 Extra"]
[Source "ChessBase"]
[SourceDate "2014.07.01"]
[SourceVersion "1"]
[SourceVersionDate "2014.07.01"]
[SourceQuality "1"]

1. e4 c5 2. Nf3 g6 3. d4 cxd4 4. Nxd4 Bg7 5. Nc3 Nc6 6. Nf3 Nf6 7. a3 0-0 8. Bd3 d5 9. exd5 Nxd5 10. Bd2 Nxc3 11. Bxc3 Bxc3+ 12. bxc3 Qa5 13. Qd2 Bg4 14. Nd4 Qe5+ 15. Be2 Rad8 16. Qe3 Qxe3 17. fxe3 Ne5 18. h3 Bxe2 19. Kxe2 Nc4 20. Rhb1 e5 21. Nf3 b6 22. Rb4 Rc8 23. Rb3 Rfd8 24. a4 f6 25. Rf1 Rc6 26. e4 Kf7 27. Rb4 Ke6 28. Rb3 Rcd6 29. Rb4 Nd2 30. Rd1 Nxe4 31. Rxd6+ Nxd6 32. g4 Rc8 33. Kd2 Rc4 34. g5 Ne4+ 35. Kd3 Rxc3+ 36. Ke2 Nxg5 0-1